[Event "Nordic Championship"]
[Site "Vaxjo"]
[Date "2017.06.26"]
[Round "1.32"]
[White "Lindvall, Per"]
[Black "Johansson, Thomas"]
[Result "0-1"]
[WhiteElo "1721"]
[BlackElo "2205"]

1.Nf3 d5 2.e3 Nf6 3.b3 g6 4.Bb2 Bg7 5.c4 c6 6.Be2 O-O 7.O-O Re8 8.Nc3 e5 
9.d4 e4 10.Ne5 Be6 11.cxd5 cxd5 12.Rc1 a6 13.Na4 Nfd7 14.Nxd7 Nxd7 15.Qd2 
Bf8 16.Nc5 Rb8 17.Rc2 Bd6 18.g3 Bh3 19.Re1 Nf6 20.f3 exf3 21.Bxf3 Bf5 22.
Rcc1 Ne4 23.Qg2 h5 24.Nxe4 Bxe4 25.Bxe4 Rxe4 26.Qf3 Qe7 27.Bc3 Re8 28.Bd2 
Qe6 29.Rf1 Kg7 30.Kg2 h4 31.Rc2 Rh8 32.Rh1 hxg3 33.h3 Reh4 34.Ba5 Rxh3 35.
Rxh3 Rxh3 36.Kg1 g2 37.Qe2 Rh1+ 0-1

[Event "Nordic Championship"]
[Site "Vaxjo"]
[Date "2017.06.26"]
[Round "1.33"]
[White "Olofsson-Dolk, Mattis"]
[Black "Stolpe, Kjell"]
[Result "1-0"]
[WhiteElo "2203"]
[BlackElo "1622"]

1.d4 d5 2.c4 e5 3.dxe5 d4 4.Nf3 Nc6 5.a3 f6 6.exf6 Qxf6 7.g3 Bf5 8.Bg2 h6 
9.Qa4 O-O-O 10.O-O g5 11.Ne1 Nge7 12.Nd3 Kb8 13.b4 Bxd3 14.exd3 Ne5 15.Qd1
h5 16.Nd2 g4 17.Ne4 Qg6 18.Bf4 Qf5 19.Nc5 c6 20.Re1 Ng6 21.Be4 Nxf4 22.
Bxf5 Nh3+ 23.Kg2 Nf3 24.Qxf3 gxf3+ 25.Kxh3 Bxc5 26.bxc5 Rdf8 27.Re5 Kc7 
28.Rae1 Kd8 29.R1e4 Rh6 30.Rxd4+ Kc7 31.Re7+ Kb8 32.Rdd7 Rhf6 33.Rxb7+ Ka8
34.Rxa7+ Kb8 35.Reb7# 1-0

[Event "Nordic Championship"]
[Site "Vaxjo"]
[Date "2017.06.26"]
[Round "1.34"]
[White "Norlander, Svante"]
[Black "Krantz, Christopher"]
[Result "0-1"]
[WhiteElo "1576"]
[BlackElo "2200"]

1.d4 Nf6 2.c4 e6 3.Nc3 Bb4 4.Qc2 O-O 5.Nf3 c5 6.e3 Nc6 7.a3 Bxc3+ 8.bxc3 
b6 9.Bd3 Ba6 10.O-O Na5 11.Nd2 cxd4 12.cxd4 Rc8 13.Qa4 d5 14.Rd1 dxc4 15.
Be2 Nd5 16.Nb1 b5 17.Qc2 Nb3 18.Ra2 Bb7 19.Bb2 f5 20.Nc3 Qg5 21.Bf3 Nb4 
22.Qe2 Bxf3 23.Qxf3 Nxa2 24.Nxa2 Qg4 25.Qxg4 fxg4 0-1

[Event "Nordic Championship"]
[Site "Vaxjo"]
[Date "2017.06.26"]
[Round "1.35"]
[White "Nygren, Kim"]
[Black "Fakhr Eldin, Majed"]
[Result "1-0"]
[WhiteElo "2184"]
[BlackElo "1450"]

1.e4 c5 2.Nf3 Nf6 3.e5 Nd5 4.Nc3 e6 5.Nxd5 exd5 6.d4 d6 7.c4 dxe5 8.dxe5 
d4 9.Bd3 Be7 10.O-O O-O 11.Qe2 Nc6 12.Bd2 Be6 13.Rfe1 a5 14.Qe4 g6 15.Qf4 
Re8 16.h4 Qd7 17.h5 Bf5 18.Bf1 f6 19.hxg6 hxg6 20.exf6 Bxf6 21.g4 g5 22.
Qxf5 1-0

[Event "Nordic Championship"]
[Site "Vaxjo"]
[Date "2017.06.26"]
[Round "1.36"]
[White "Johansson, Robert"]
[Black "Johansson, Carl Fredrik"]
[Result "0-1"]
[WhiteElo "1397"]
[BlackElo "2173"]

1.e4 c5 2.c3 d6 3.h3 Nf6 4.Nf3 Nc6 5.Bc4 Nxe4 6.O-O e6 7.d4 d5 8.Bb3 Be7 
9.Re1 O-O 10.Nbd2 f5 11.Ba4 Qb6 12.Bxc6 bxc6 13.Nxe4 fxe4 14.Ne5 cxd4 15.
cxd4 c5 16.Be3 Bf6 17.b3 Bxe5 18.dxe5 d4 19.Bd2 Bb7 20.Qg4 Rf5 21.Bh6 Qc7 
22.Bf4 Raf8 23.g3 Qc6 24.h4 e3 25.Qh3 exf2+ 26.Kxf2 Qf3+ 27.Kg1 Rxf4 28.
Qh2 Rg4 0-1

[Event "Nordic Championship 50+"]
[Site "Vaxjo"]
[Date "2017.06.26"]
[Round "1.1"]
[White "Karason, Askell O"]
[Black "Kirppo, Ronny"]
[Result "1-0"]
[WhiteElo "2271"]
[BlackElo "1900"]

1.d4 Nf6 2.c4 e5 3.dxe5 Ng4 4.Nf3 Bc5 5.e3 Nc6 6.Be2 Ngxe5 7.Nc3 O-O 8.b3 
Nxf3+ 9.Bxf3 Ne5 10.Bb2 Re8 11.Qe2 a5 12.O-O-O Bf8 13.Be4 a4 14.Nxa4 c6 
15.c5 Rxa4 16.bxa4 Qa5 17.Qc2 Bxc5 18.Bxh7+ Kh8 19.Bf5 f6 20.Qc3 Qb6 21.
Qb3 d5 22.Bxc8 Rxc8 23.Qxb6 Bxb6 24.Bd4 Bc7 25.Kc2 Nc4 26.Bc3 Ra8 27.Kb3 
Ra6 28.e4 Rb6+ 29.Kc2 dxe4 30.Rd7 Na3+ 31.Kd2 Bf4+ 32.Ke2 c5 33.Rhd1 Nc4 
34.R1d5 Rd6 35.R5xd6 Bxd6 36.Rxb7 1-0

[Event "Nordic Championship 50+"]
[Site "Vaxjo"]
[Date "2017.06.26"]
[Round "1.2"]
[White "Gunnarsson, Lennart"]
[Black "Holst, Conny"]
[Result "0-1"]
[WhiteElo "1800"]
[BlackElo "2150"]

1.d4 Nf6 2.c4 e6 3.Nc3 Bb4 4.Qc2 c5 5.dxc5 Na6 6.Nf3 Nxc5 7.Bd2 O-O 8.a3 
Bxc3 9.Bxc3 h6 10.e3 b6 11.Be2 Bb7 12.O-O Rc8 13.b3 Nfe4 14.Bb4 d5 15.Rad1
Qf6 16.Bxc5 Rxc5 17.b4 Rcc8 18.Qb3 Nc3 19.Rd2 Nxe2+ 20.Rxe2 dxc4 0-1

[Event "Nordic Championship 50+"]
[Site "Vaxjo"]
[Date "2017.06.26"]
[Round "1.3"]
[White "Franzen, Thomas"]
[Black "Ohlsson, Mikael"]
[Result "0-1"]
[WhiteElo "2032"]
[BlackElo "1765"]

1.d4 Nf6 2.e3 g6 3.Bd3 Bg7 4.Nf3 c5 5.O-O O-O 6.Nbd2 b6 7.Re1 d5 8.c3 Nc6 
9.b3 Qc7 10.Ba3 Na5 11.Rc1 Bg4 12.b4 Nb7 13.h3 Be6 14.c4 dxc4 15.Nxc4 b5 
16.Ncd2 c4 17.Bc2 Bd7 18.Ne5 Rfd8 19.Qf3 Be8 20.Red1 a5 21.Bb1 Rab8 22.
Ndxc4 bxc4 23.Nxc4 axb4 24.Bxb4 Nd5 25.Bd2 Qd7 26.e4 Nf6 27.Be3 Qb5 28.d5 
Nd7 29.Bd3 Qa4 30.a3 Ne5 31.Nxe5 Bxe5 32.Bb6 Rdc8 33.Be2 Nd6 34.Rxc8 Rxc8 
35.Qg4 Qxe4 36.Qxe4 Nxe4 37.Bf3 Nd6 38.Ba5 Nb5 39.a4 Nd4 40.Bg4 f5 41.Re1 
Bd6 42.Bd1 Bf7 43.Bb6 Nc2 44.Re2 Nb4 0-1

[Event "Nordic Championship 50+"]
[Site "Vaxjo"]
[Date "2017.06.26"]
[Round "1.4"]
[White "Lang, Gusztav"]
[Black "Ortoft, Kai"]
[Result "0-1"]
[WhiteElo "1723"]
[BlackElo "1984"]

1.e4 d6 2.Nf3 e5 3.Bc4 Be7 4.a3 Nf6 5.Nc3 O-O 6.d3 c6 7.O-O Bg4 8.h3 Bh5 
9.Ne2 d5 10.exd5 cxd5 11.Bb3 Nc6 12.Ng3 Bxf3 13.gxf3 Qd7 14.Kh2 Nd4 15.Ba2
Qa4 16.Be3 Qxc2 17.Bxd4 Qxd1 18.Raxd1 exd4 19.Rc1 Bd6 20.Kg2 g6 21.Ne2 
Rfe8 22.Nxd4 a6 23.Rc2 Nh5 24.Rh1 Nf4+ 25.Kf1 Rac8 26.Rxc8 Rxc8 27.Ne2 
Nxe2 28.Kxe2 Rc2+ 29.Ke3 d4+ 30.Kxd4 Rxb2 31.Bd5 Bxa3 32.Rf1 b6 33.Kc3 Rb5
34.Bc4 Rf5 35.Bxa6 Rxf3 36.Bc8 f5 37.Kc4 b5+ 38.Kxb5 Rxd3 39.f3 Kf7 40.Ba6
Rd2 41.Ka4 Bd6 42.Bc4+ Kf6 43.Re1 Be5 44.Kb5 Rh2 45.Bf1 Rf2 46.Be2 Bc3 47.
Rc1 Rxe2 48.Rxc3 Kg5 49.Rc4 Rh2 50.f4+ Kh4 51.Rc7 h5 52.Rc6 Rg2 53.Rc3 Rg3
0-1

[Event "Nordic Championship 50+"]
[Site "Vaxjo"]
[Date "2017.06.26"]
[Round "1.5"]
[White "Lauritzen, Einar"]
[Black "Pettersson, Kjell-Erik"]
[Result "1-0"]
[WhiteElo "1984"]
[BlackElo "1721"]

1.d4 e6 2.c4 f5 3.g3 Nf6 4.Bg2 Be7 5.Nc3 O-O 6.Nf3 d6 7.O-O Ne4 8.Qc2 Nxc3
9.bxc3 Nd7 10.e4 fxe4 11.Qxe4 Nf6 12.Qe2 e5 13.dxe5 dxe5 14.Nxe5 Bd6 15.c5
Bxe5 16.Qxe5 Re8 17.Qd4 c6 18.Bg5 Be6 19.Qb4 Qc7 20.Bxf6 gxf6 21.Rfd1 Qf7 
22.a4 a5 23.Qf4 Rad8 24.Rd6 Rxd6 25.cxd6 Rd8 26.Re1 Rd7 27.c4 Kf8 28.c5 
Kg7 29.h4 Bb3 30.Bh3 Rd8 31.Re7 1-0

[Event "Nordic Championship 50+"]
[Site "Vaxjo"]
[Date "2017.06.26"]
[Round "1.6"]
[White "Andersson, Erik"]
[Black "Johansson, Lennart B"]
[Result "0-1"]
[WhiteElo "1703"]
[BlackElo "1974"]

1.b4 e5 2.Bb2 d6 3.e3 Nf6 4.Nf3 c6 5.c4 Na6 6.a3 Nc7 7.Be2 h6 8.d3 Be7 9.
Nc3 Be6 10.O-O Qd7 11.Qc2 Bf5 12.Rfd1 Ne6 13.Ne4 g5 14.c5 Bxe4 15.dxe4 Qc7
16.cxd6 Bxd6 17.Bc4 O-O-O 18.Bxe6+ fxe6 19.Nd2 Qh7 20.f3 Bc7 21.b5 g4 22.
bxc6 gxf3 23.Qb3 bxc6 24.Qxe6+ Qd7 25.Qxd7+ Rxd7 26.Nxf3 Re7 27.Nd2 Rd8 
28.Bc3 Red7 29.Rf1 Ng4 30.Nc4 Rd3 31.Bb4 Bb6 32.Nxb6+ axb6 33.Rac1 c5 34.
h3 Nxe3 35.Rf7 Rd1+ 0-1

[Event "Nordic Championship 50+"]
[Site "Vaxjo"]
[Date "2017.06.26"]
[Round "1.7"]
[White "Mortensen, Henrik"]
[Black "Sandgren, Per-Olov"]
[Result "1-0"]
[WhiteElo "1931"]
[BlackElo "1422"]

1.e4 e5 2.Nc3 Nc6 3.Nf3 Nf6 4.d4 Bb4 5.d5 Ne7 6.Bd3 d6 7.O-O Bg4 8.Be3 c6 
9.dxc6 bxc6 10.Ne2 O-O 11.Ng3 d5 12.c3 Bd6 13.Qc2 Ng6 14.Rfe1 Re8 15.Ng5 
Nf4 16.Bxf4 exf4 17.Nf5 Bxf5 18.exf5 Qc7 19.c4 Rxe1+ 20.Rxe1 Qa5 21.Qb1 
Rb8 22.Nf3 Qb6 23.Re2 a5 24.h3 Qc5 25.Qc2 d4 26.a3 Qb6 27.Ne1 c5 28.Be4 
Qb3 29.Bf3 Qxc2 30.Rxc2 Re8 31.Nd3 Kf8 32.Kf1 g6 33.fxg6 hxg6 34.Re2 Rxe2 
35.Kxe2 Nd7 36.Bb7 f6 37.Be4 Kg7 38.b3 f5 39.Bb7 Kf6 40.Bc8 Nb6 41.Ba6 Nd7
42.h4 Ne5 43.Nxf4 Ng4 44.Nd5+ Ke5 45.Bb7 Nh6 46.Nb6 Nf7 47.Bc6 Bc7 48.Nd5 
Kd6 49.Be8 Ne5 50.Nxc7 Kxc7 51.f4 d3+ 52.Kd2 1-0

[Event "Nordic Championship 65+"]
[Site "Vaxjo"]
[Date "2017.06.26"]
[Round "1.1"]
[White "Lekander, Rolf"]
[Black "Johansson, Bjorn"]
[Result "1-0"]
[WhiteElo "2180"]
[BlackElo "1922"]

1.c4 Nf6 2.g3 g6 3.Bg2 Bg7 4.Nc3 O-O 5.Nf3 d6 6.O-O c6 7.d4 Nbd7 8.Qc2 Nb6
9.b3 d5 10.c5 Bf5 11.Qd2 Nbd7 12.Nh4 Ne4 13.Nxe4 dxe4 14.Nxf5 gxf5 15.b4 
e6 16.Bb2 Nf6 17.e3 Bh6 18.a4 Nd5 19.Ra3 Qg5 20.Rb3 Kh8 21.b5 Rg8 22.Rb1 
Qg6 23.Qe1 Bg5 24.bxc6 bxc6 25.Bc1 h5 26.Rb7 h4 27.Bd2 Qh5 28.Qd1 Qg6 29.
R1b3 hxg3 30.hxg3 f4 31.exf4 Bxf4 32.Bxe4 Qxe4 33.Qh5+ Qh7 34.Qxh7+ Kxh7 
35.Bxf4 Kg6 36.Bd6 Rh8 37.Kg2 a6 38.a5 Rh5 39.Rb8 Rh8 40.Rxh8 Rxh8 41.Rb6 
Ra8 42.Rxc6 Kf5 43.Rb6 Ke4 44.Rb7 f6 45.c6 1-0

[Event "Nordic Championship 65+"]
[Site "Vaxjo"]
[Date "2017.06.26"]
[Round "1.2"]
[White "Olsson, Sture"]
[Black "Westin, Ake"]
[Result "0-1"]
[WhiteElo "1921"]
[BlackElo "2098"]

1.d4 e6 2.c4 f5 3.Nc3 Nf6 4.g3 Be7 5.Bg2 O-O 6.Nh3 d6 7.O-O e5 8.dxe5 dxe5
9.Qxd8 Bxd8 10.e4 c6 11.b3 Ba5 12.Bb2 Na6 13.a3 Nc5 14.b4 Nd3 15.Bc1 Nxc1 
16.Raxc1 Bc7 17.Rcd1 f4 18.gxf4 exf4 19.f3 Be6 20.c5 h6 21.Nf2 Nd7 22.Bh3 
Bxh3 23.Nxh3 Ne5 24.Ne2 g5 25.Nd4 Rad8 26.Ne6 Rxd1 27.Rxd1 Rf7 28.Nxc7 
Rxc7 29.Kf2 Rd7 30.Rxd7 Nxd7 31.Ke2 Ne5 32.Nf2 Kg7 33.Nd3 Kf6 34.h3 Nc4 
35.a4 Ne5 36.a5 a6 37.Nb2 h5 38.Kf2 g4 39.fxg4 hxg4 40.hxg4 Kg5 41.Ke2 
Kxg4 42.Nd1 f3+ 43.Ke3 Kg3 44.Kd4 Kf4 45.Nf2 Ng4 46.Nd3+ Kg5 47.Ne1 f2 48.
Nf3+ Kf4 49.Nd2 Nh2 50.e5 Nf3+ 0-1

[Event "Nordic Championship 65+"]
[Site "Vaxjo"]
[Date "2017.06.26"]
[Round "1.3"]
[White "Lauritsen, Niels"]
[Black "Koski, Viljo"]
[Result "1/2-1/2"]
[WhiteElo "2039"]
[BlackElo "1917"]

1.d4 d5 2.Nc3 Nf6 3.Bg5 e6 4.e4 dxe4 5.Nxe4 Be7 6.Bxf6 Bxf6 7.Nxf6+ Qxf6 
8.Nf3 O-O 9.Bd3 Nc6 10.O-O Nb4 11.Be4 Nd5 12.c3 Qf4 13.Re1 Nf6 14.g3 Qd6 
15.Bd3 b6 16.Bf1 Bb7 17.Bg2 c5 18.dxc5 Qxc5 19.Ne5 Bxg2 20.Kxg2 Rad8 21.
Qe2 Rd5 22.Rad1 Rfd8 23.a3 Qd6 24.Rxd5 Qxd5+ 25.Qf3 h6 26.Nc6 Qxf3+ 27.
Kxf3 Rd2 28.Re2 Rd3+ 29.Re3 Rd2 30.Re2 Rd3+ 31.Re3 Rd2 1/2-1/2

[Event "Nordic Championship 65+"]
[Site "Vaxjo"]
[Date "2017.06.26"]
[Round "1.4"]
[White "Wihlborn, Bengt"]
[Black "Grahn, Lars"]
[Result "1/2-1/2"]
[WhiteElo "1842"]
[BlackElo "2008"]

1.Nf3 f5 2.c4 Nf6 3.Nc3 g6 4.e3 c5 5.Be2 Bg7 6.O-O O-O 7.b3 Nc6 8.d4 cxd4 
9.exd4 Ne4 10.Bb2 Nxc3 11.Bxc3 e6 12.Qd2 b6 13.d5 Bxc3 14.Qxc3 Ne7 15.dxe6
dxe6 16.Ne5 Qc7 17.Rad1 Rb8 18.Rfe1 Nc6 19.Bf3 Nxe5 20.Qxe5 Qxe5 21.Rxe5 
Kf7 22.Bc6 Ke7 23.Re3 Rd8 24.Rxd8 Kxd8 25.Rh3 Bb7 26.Ba4 Ke7 27.Rxh7+ Kf6 
28.f3 e5 29.Rd7 e4 30.fxe4 fxe4 31.Kf2 Ke5 32.Ke3 a5 33.a3 g5 34.Rg7 Kf6 
35.Rc7 Ba8 36.h3 Ke6 37.Rg7 Kf6 38.Rd7 Ke6 39.Bb5 Rh8 40.b4 axb4 41.axb4 
Rb8 42.Rg7 Kf6 43.Rc7 Ke6 44.c5 bxc5 45.Rxc5 Kf6 46.Bc6 Bxc6 47.Rxc6+ Kf5 
48.g4+ Ke5 49.Rc4 Rh8 50.Rxe4+ Kd5 51.Re7 Rxh3+ 52.Kf2 Rb3 53.Rg7 Rxb4 54.
Rxg5+ Ke6 55.Kg3 Kf6 56.Ra5 Rb1 1/2-1/2

[Event "Nordic Championship 65+"]
[Site "Vaxjo"]
[Date "2017.06.26"]
[Round "1.5"]
[White "Ekelund, Kurt"]
[Black "Olesen, Christer"]
[Result "1-0"]
[WhiteElo "2003"]
[BlackElo "1827"]

1.e4 Nf6 2.e5 Nd5 3.d4 d6 4.Nf3 dxe5 5.Nxe5 c6 6.Bd3 Nd7 7.Nxd7 Bxd7 8.O-O
g6 9.c4 Nf6 10.Re1 Bg7 11.Nc3 O-O 12.Bg5 Re8 13.h3 Be6 14.Be3 Qd7 15.Qf3 
Rad8 16.Rac1 Qd6 17.a3 Bc8 18.Red1 b6 19.b4 Qd7 20.Ne4 Bb7 21.g4 Ba8 22.
Nxf6+ Bxf6 23.Be4 Bg7 24.Rd2 Qc7 25.Rcd1 e6 26.Bg5 Rc8 27.Bf4 e5 28.dxe5 
Bxe5 29.Rd7 Bxf4 30.Rxc7 Bxc7 31.Rd7 Rf8 32.Kg2 Be5 33.Rxa7 Bg7 34.b5 1-0

[Event "Nordic Championship 65+"]
[Site "Vaxjo"]
[Date "2017.06.26"]
[Round "1.6"]
[White "Norevall, Ulf"]
[Black "Lundgren, Ulf"]
[Result "1-0"]
[WhiteElo "1769"]
[BlackElo "1963"]

1.d4 Nf6 2.c4 g6 3.f3 Bg7 4.e4 d6 5.Nc3 O-O 6.Be3 Nbd7 7.Nh3 e5 8.d5 a5 9.
Qd2 Nc5 10.Nf2 Bd7 11.Bg5 Qb8 12.g4 a4 13.h4 Qa7 14.Be3 h5 15.Be2 Kh7 16.
O-O Rh8 17.g5 Ne8 18.Kh2 Qb8 19.Nd3 Na6 20.Bd1 a3 21.bxa3 Rf8 22.Ba4 Qc8 
23.Rab1 b6 24.Bxd7 Qxd7 25.a4 Nc5 26.Nxc5 dxc5 27.Qg2 Nd6 28.Qe2 Qc8 29.
Nb5 Qd7 30.Nxd6 Qxd6 31.Qc2 Qd7 32.Rb5 f5 33.a5 fxe4 34.Qxe4 Ra6 35.Rfb1 
Qd6 36.axb6 cxb6 37.a4 Rf5 38.Kg2 Rxa4 39.Rxb6 Ra2+ 40.R1b2 Rxb2+ 41.Rxb2 
Qa6 42.Re2 Qa3 43.d6 Qa7 44.Qc6 Rf7 45.Bxc5 Qa1 46.Qd5 Rd7 47.Bf2 Qa6 48.
Rd2 Bf8 49.c5 Qa4 50.Qxe5 Qb4 51.Rb2 Qa4 52.Rb8 Rf7 53.Qd5 Kg8 54.Ra8 Qb5 
55.Qe6 Qb7 56.Qxg6+ Rg7 57.Qe4 1-0

[Event "Nordic Championship 65+"]
[Site "Vaxjo"]
[Date "2017.06.26"]
[Round "1.7"]
[White "Nilsson, Weine"]
[Black "Heikkila, Raine"]
[Result "1/2-1/2"]
[WhiteElo "1956"]
[BlackElo "1714"]

1.e4 e5 2.Nf3 Nc6 3.Bb5 d6 4.d4 exd4 5.Nxd4 Bd7 6.O-O g6 7.Nc3 Bg7 8.Be3 
a6 9.Nxc6 bxc6 10.Ba4 Ne7 11.Bd4 Bxd4 12.Qxd4 O-O 13.Bb3 Qc8 14.Qf6 Qe8 
15.f4 Nc8 16.Rf3 Qe7 17.Qd4 Nb6 18.e5 d5 19.Rd1 Bg4 20.Rg3 Bxd1 21.Qxd1 
Rad8 22.Ne2 c5 23.c3 Kh8 24.Bc2 Rg8 25.Kh1 f6 26.exf6 Qxf6 27.b4 Rge8 28.
bxc5 Nc4 29.Qd3 Re7 30.h3 c6 31.Qd4 Kg7 32.Qxf6+ Kxf6 33.Nd4 Rc8 34.Ba4 
Nd2 35.Rd3 Re1+ 36.Kh2 Ne4 37.Bxc6 Nxc5 38.Rd2 Ne4 39.Rc2 Rc7 40.Bxd5 Nxc3
41.Bf3 Nb5 42.Rxc7 Nxc7 43.Be2 Ne6 44.Nxe6 Kxe6 45.Bxa6 Kf5 46.a4 Kxf4 47.
Bb7 Ra1 48.Bc6 h5 49.Be8 h4 50.Bxg6 Rxa4 51.Bh5 Ra3 52.Bf3 1/2-1/2

[Event "Nordic Championship 65+"]
[Site "Vaxjo"]
[Date "2017.06.26"]
[Round "1.8"]
[White "Ehlers, Kjeld"]
[Black "Isaksson, Leif"]
[Result "0-1"]
[WhiteElo "1560"]
[BlackElo "1928"]

1.d4 f5 2.Nf3 Nf6 3.c4 e6 4.a3 a5 5.Nc3 d5 6.e3 c6 7.cxd5 exd5 8.Bd3 Bd6 
9.O-O O-O 10.Qc2 Ne4 11.Ne1 Be6 12.Ne2 Qh4 13.Nf3 Qf6 14.Nd2 Nd7 15.Nf4 
Bf7 16.f3 Bxf4 17.Nxe4 dxe4 18.fxe4 Bc7 19.Rxf5 Qh6 20.e5 Bg6 21.e4 Qh4 
22.Bg5 Qg4 23.Be2 Bxf5 24.Bxg4 Bxg4 25.h3 Be6 26.Be7 Rf7 27.Bd6 Bb6 28.Qd3
c5 29.dxc5 Nxc5 30.Qb5 Nb3+ 31.Kh2 Nxa1 32.Qxb6 Nb3 33.Bc7 Re8 34.Bd6 Nd2 
35.Qd4 Nf1+ 36.Kg1 h5 37.b4 Ng3 38.Kh2 h4 0-1

[Event "Nordic Championship 50+"]
[Site "Vaxjo"]
[Date "2017.06.27"]
[Round "2.1"]
[White "Johansson, Lennart B"]
[Black "Karason, Askell O"]
[Result "0-1"]
[WhiteElo "1974"]
[BlackElo "2271"]

1.e4 c5 2.d4 cxd4 3.Nf3 Nc6 4.Nxd4 g6 5.Nc3 Bg7 6.Be3 Nf6 7.Be2 O-O 8.Nb3 
d6 9.f3 a5 10.a4 Be6 11.Nd4 Nxd4 12.Bxd4 Rc8 13.O-O Nd7 14.Bxg7 Kxg7 15.
Kh1 Qb6 16.Nb5 Qc5 17.c3 Kg8 18.f4 Qe3 19.Nd4 Nc5 20.f5 Bd7 21.Rf3 Qxe4 
22.Qd2 Qe5 23.Bd3 Nxd3 24.Qxd3 Rc5 25.Raf1 Qg7 26.f6 exf6 27.Rxf6 Re5 28.
Rxd6 Bxa4 29.Rb6 Rfe8 30.Rxb7 Re1 31.Nf3 Rxf1+ 32.Qxf1 Bc6 33.Ra7 Bxf3 34.
gxf3 Qe5 35.Rd7 Qf5 36.Rd3 Rb8 37.Qd1 Rxb2 38.Rd8+ Kg7 39.Qd4+ Kh6 40.Qh4+
Qh5 41.Qxh5+ Kxh5 42.Rd5+ f5 43.Rxa5 Rf2 44.Ra7 h6 45.c4 Rxf3 46.Kg2 Rc3 
47.Rc7 Kg4 48.Rg7 Rc2+ 49.Kf1 g5 50.Rg6 Rxh2 51.c5 Rc2 52.c6 h5 53.Rd6 h4 
0-1

[Event "Nordic Championship 50+"]
[Site "Vaxjo"]
[Date "2017.06.27"]
[Round "2.2"]
[White "Holst, Conny"]
[Black "Mortensen, Henrik"]
[Result "1-0"]
[WhiteElo "2150"]
[BlackElo "1931"]

1.d4 Nf6 2.c4 c5 3.d5 d6 4.Nc3 g6 5.e4 Bg7 6.f4 O-O 7.Nf3 a6 8.Be2 e6 9.
O-O exd5 10.cxd5 Re8 11.e5 dxe5 12.fxe5 Ng4 13.Bg5 Qb6 14.d6 Be6 15.Nd5 
Qxb2 16.Nc7 Nd7 17.Nxa8 Rxa8 18.Rb1 Qxa2 19.Rxb7 Ngxe5 20.Nxe5 Bxe5 21.Bf3
Rc8 22.Kh1 c4 23.Bd5 1-0

[Event "Nordic Championship 50+"]
[Site "Vaxjo"]
[Date "2017.06.27"]
[Round "2.3"]
[White "Ortoft, Kai"]
[Black "Olsson, Magnus"]
[Result "1-0"]
[WhiteElo "1984"]
[BlackElo "1662"]

1.Nf3 d5 2.d4 Nf6 3.c4 dxc4 4.Qa4+ Bd7 5.Qxc4 e6 6.g3 Bc6 7.Bg2 Nbd7 8.O-O
Be7 9.Nc3 O-O 10.Rd1 Nb6 11.Qd3 Nbd5 12.a3 Nxc3 13.Qxc3 Rc8 14.Qc2 Be4 15.
Qa4 a6 16.Ne5 Bxg2 17.Kxg2 Qd5+ 18.f3 Qb5 19.Qxb5 axb5 20.Bg5 Rfd8 21.e4 
c6 22.Be3 h6 23.Rac1 Nd7 24.Nd3 Bd6 25.f4 Nf6 26.Kf3 Be7 27.Nc5 Rb8 28.g4 
Nd7 29.Nd3 g5 30.f5 Nf6 31.h3 Rd7 32.Nc5 Bxc5 33.Rxc5 Rbd8 34.Bf2 exf5 35.
Rxf5 Kg7 36.h4 Nh7 37.d5 f6 38.h5 Nf8 39.Bd4 Nh7 40.Bb6 cxd5 41.exd5 Re8 
42.Rd3 Re1 43.Bf2 Re5 44.Rxe5 fxe5 45.Bg3 e4+ 46.Kxe4 Nf6+ 47.Ke5 Nxg4+ 
48.Ke6 Rf7 49.d6 Rf6+ 50.Kd7 Rf7+ 51.Kc8 Rf8+ 52.Kc7 Rf7+ 53.d7 Kg8 54.Kc8
1-0

[Event "Nordic Championship 50+"]
[Site "Vaxjo"]
[Date "2017.06.27"]
[Round "2.4"]
[White "Ohlsson, Mikael"]
[Black "Lauritzen, Einar"]
[Result "0-1"]
[WhiteElo "1765"]
[BlackElo "1984"]

1.c4 e5 2.Nc3 Bb4 3.Nd5 Be7 4.Qc2 c6 5.Nxe7 Qxe7 6.d3 h6 7.g3 Nf6 8.Bg2 
O-O 9.e4 Na6 10.Qc3 d5 11.a3 dxe4 12.dxe4 Nc5 13.Nf3 Nfxe4 14.Qxe5 Nd3+ 
0-1

[Event "Nordic Championship 50+"]
[Site "Vaxjo"]
[Date "2017.06.27"]
[Round "2.5"]
[White "Lang, Gusztav"]
[Black "Franzen, Thomas"]
[Result "0-1"]
[WhiteElo "1723"]
[BlackElo "2032"]

1.e4 c5 2.Nf3 d6 3.d4 cxd4 4.Nxd4 Nf6 5.Nc3 a6 6.Be3 e5 7.Nb3 Be6 8.Be2 
Be7 9.f3 Nc6 10.Nd5 Bxd5 11.exd5 Nb8 12.O-O Nbd7 13.c4 Rc8 14.Rc1 O-O 15.
Nd2 Ne8 16.f4 f5 17.fxe5 dxe5 18.Qb3 Bc5 19.Bxc5 Nxc5 20.Qh3 Qb6 21.Rxf5 
Ne4+ 22.c5 Rxf5 23.Nxe4 Qxb2 24.Qxf5 Qxc1+ 25.Bf1 Qe3+ 26.Kh1 Qf4 27.Qe6+ 
Kf8 28.Ng3 Rxc5 29.d6 Qf6 30.Qh3 Nxd6 31.Qxh7 e4 32.Kg1 Rc1 33.h3 Rd1 34.
Qh8+ Ke7 35.Qb8 Qf4 36.Qc7+ Kf8 37.Qb8+ Kf7 0-1

[Event "Nordic Championship 50+"]
[Site "Vaxjo"]
[Date "2017.06.27"]
[Round "2.6"]
[White "Kirppo, Ronny"]
[Black "Andersson, Erik"]
[Result "1-0"]
[WhiteElo "1900"]
[BlackElo "1703"]

1.d4 Nf6 2.c4 e6 3.Nf3 Bb4+ 4.Bd2 Bxd2+ 5.Qxd2 O-O 6.Nc3 b6 7.g3 Bb7 8.Bg2
d6 9.O-O Nbd7 10.Qc2 c5 11.e4 Rc8 12.Qe2 Qc7 13.b3 a6 14.Rac1 Rfd8 15.Rfd1
Nf8 16.d5 exd5 17.Nxd5 Nxd5 18.cxd5 Re8 19.Qc2 Re7 20.e5 Ng6 21.exd6 Qxd6 
22.Ng5 Rd7 23.Bh3 Rcd8 24.Ne4 Qf8 25.Bxd7 Rxd7 26.d6 Qc8 27.f3 Qc6 28.Qg2 
Ne5 29.Rd2 f5 30.Ng5 h6 31.Re1 Rxd6 32.Rxe5 Rxd2 33.Qxd2 hxg5 34.Rxf5 g6 
35.Qd8+ Kg7 36.Qf8+ 1-0

[Event "Nordic Championship 50+"]
[Site "Vaxjo"]
[Date "2017.06.27"]
[Round "2.7"]
[White "Pettersson, Kjell-Erik"]
[Black "Gunnarsson, Lennart"]
[Result "1/2-1/2"]
[WhiteElo "1721"]
[BlackElo "1800"]

1.d4 d5 2.Bf4 Nf6 3.e3 e6 4.c3 Bd6 5.Bg3 Bxg3 6.hxg3 Nbd7 7.Nf3 c5 8.Bd3 
Qc7 9.Qa4 c4 10.Be2 Qc6 11.Qc2 Qd6 12.Nbd2 e5 13.dxe5 Nxe5 14.Nxe5 Qxe5 
15.Nf3 Qe4 16.Qxe4+ Nxe4 17.Nd4 a6 18.Rh5 Nf6 19.Rh4 Be6 20.a4 Ke7 21.f3 
Rac8 22.Kf2 Rc5 23.g4 g5 24.Rh6 Rg8 25.Rhh1 Rh8 26.Rh6 Rg8 27.Rhh1 1/2-1/2

[Event "Nordic Championship 65+"]
[Site "Vaxjo"]
[Date "2017.06.27"]
[Round "2.1"]
[White "Isaksson, Leif"]
[Black "Lekander, Rolf"]
[Result "0-1"]
[WhiteElo "1928"]
[BlackElo "2180"]

1.Nf3 d5 2.g3 Nf6 3.Bg2 c5 4.O-O Nc6 5.d4 e6 6.c3 cxd4 7.cxd4 Be7 8.Nc3 
O-O 9.Bf4 Bd7 10.Rb1 Ne8 11.e4 dxe4 12.Nxe4 Nb4 13.Nc3 Bc6 14.Ne5 Bxg2 15.
Kxg2 Nf6 16.Qf3 Nbd5 17.Bg5 Re8 18.Rbc1 Nxc3 19.bxc3 Qd5 20.Qxd5 Nxd5 21.
Bxe7 Nxe7 22.Rfe1 Red8 23.f4 Rac8 24.g4 Nd5 25.Rb1 b6 26.c4 Nxf4+ 27.Kf3 
Ng6 28.Red1 Nxe5+ 29.dxe5 Kf8 30.Rxd8+ Rxd8 31.Ke3 Rc8 32.Kd4 f6 33.Re1 
Ke7 34.h4 Rc5 35.exf6+ gxf6 36.Rg1 h6 37.Rg2 Ra5 38.Rb2 Ra4 39.Rg2 Ra3 40.
g5 fxg5 41.hxg5 hxg5 42.Rxg5 Rxa2 43.c5 bxc5+ 44.Rxc5 Kd6 0-1

[Event "Nordic Championship 65+"]
[Site "Vaxjo"]
[Date "2017.06.27"]
[Round "2.2"]
[White "Westin, Ake"]
[Black "Norevall, Ulf"]
[Result "1-0"]
[WhiteElo "2098"]
[BlackElo "1769"]

1.f4 g6 2.Nf3 Bg7 3.d3 d6 4.e4 e5 5.Nc3 Nc6 6.Be2 Nf6 7.O-O O-O 8.Qe1 exf4
9.Bxf4 Nh5 10.Bg5 f6 11.Be3 f5 12.Qd2 f4 13.Bf2 Bg4 14.d4 Qd7 15.h3 Bxf3 
16.Bxf3 Ng3 17.Rfe1 h6 18.Ne2 Nxe2+ 19.Rxe2 Rae8 20.c3 Re7 21.Rae1 Qe8 22.
Qc2 Qf7 23.b3 h5 24.Rd2 g5 25.Qd1 h4 26.Rde2 Rfe8 27.Qd3 Qg6 28.Bg4 d5 29.
Bf5 dxe4 30.Bxe4 Qd6 31.Qb5 Bf6 32.Qxb7 Nxd4 33.cxd4 Bxd4 34.Qd5+ 1-0

[Event "Nordic Championship 65+"]
[Site "Vaxjo"]
[Date "2017.06.27"]
[Round "2.3"]
[White "Orci, Istvan"]
[Black "Ekelund, Kurt"]
[Result "1/2-1/2"]
[WhiteElo "1554"]
[BlackElo "2003"]

1.d4 Nf6 2.Bf4 d5 3.Nf3 e6 4.e3 c5 5.c3 Nc6 6.Bd3 Bd6 7.Bg3 O-O 8.Nbd2 b6 
9.dxc5 bxc5 10.Qc2 Rb8 11.Bxd6 Qxd6 12.O-O e5 13.e4 c4 14.Be2 dxe4 15.Nxc4
Qe7 16.Nfd2 Bf5 17.Ne3 Bg6 18.b4 Rfc8 19.a3 Nd4 20.Qd1 Nxe2+ 21.Qxe2 Rxc3 
22.Rfc1 Rbc8 23.Ndc4 Rxc1+ 24.Rxc1 Qd7 25.Qd1 Bh5 26.Qxd7 Nxd7 27.g4 Bg6 
28.Rd1 Nb6 29.Nxe5 f6 30.Nxg6 hxg6 31.Rd4 Rc3 32.a4 Nxa4 33.Rxe4 Rb3 34.
Nd5 Nc3 35.Nxc3 Rxc3 36.Re7 Rc4 37.h3 Rxb4 38.Rxa7 g5 39.Kg2 Kh7 40.Kg3 
Kg6 1/2-1/2

[Event "Nordic Championship 65+"]
[Site "Vaxjo"]
[Date "2017.06.27"]
[Round "2.4"]
[White "Heikkila, Raine"]
[Black "Lauritsen, Niels"]
[Result "1/2-1/2"]
[WhiteElo "1714"]
[BlackElo "2039"]

1.d4 Nc6 2.Nf3 d5 3.Bg5 Nf6 4.e3 Bg4 5.Be2 e6 6.c3 Be7 7.Nbd2 O-O 8.O-O 
Nh5 9.Bxe7 Nxe7 10.Ne5 Bxe2 11.Qxe2 Nf6 12.Ng4 Ng6 13.Ne5 c6 14.Nxg6 hxg6 
15.Nf3 Nd7 16.e4 dxe4 17.Qxe4 Nf6 18.Qe2 Qd5 19.b3 Rad8 20.Qe5 Ne4 21.Rac1
f6 22.Qxd5 exd5 23.h3 Rfe8 24.Rc2 Kf7 25.Rd1 Re7 26.g3 Rde8 27.c4 dxc4 28.
bxc4 Rd7 29.Kg2 g5 30.Rd3 b6 31.Re3 Nd6 32.Rd3 Ne4 33.Re3 Nd6 34.Rd3 Ne4 
1/2-1/2